000 00910nam a2200289 i 4500
001 bg
100 1 _aBODNAR, Adam.
245 0 0 _aReologia konstrukcji prętowych :
_bpodręcznik dla studentów wyższych szkół technicznych /
_cAdam Bodnar, Marcin Chrzanowski, Paweł Latus ; Politechnika Krakowska im. Tadeusza Kościuszki.
260 _aKraków :
_bWydawnictwo PK,
_c2006.
300 _a242 s. :
_brys., wykr. ;
_c24 cm.
504 _aBibliogr.
650 9 _aReologia
650 9 _aPręty
_xmechanika
650 9 _aCiało stałe
_xfizyka
655 _aPodręczniki akademickie
700 1 _aCHRZANOWSKI, Marcin
700 1 _aLATUS, Paweł
020 _a8372424098
020 _a9788372424099
040 _cBPK
041 0 _apol
080 _a539.3/.4:620.17](075.8)
920 _a83-7242-409-8
920 _a978-83-7242-409-9
942 _cKS
008 s pl f |000 0 pol
999 _c53290
_d53290
856 _uhttp://koha.tu.koszalin.pl/cgi-bin/koha/opac-detail.pl?biblionumber=53290
_yKatalog online BPK